000 01380cab a2200181 4500
001 ##L131378
008 051027n2005 000 0 eng u
035 _a(Sirsi) u131378
041 0 _aeng
100 1 _aBrewer, Geoff
245 0 0 _aConstruction management duties
260 _c2005
490 _aContract Journal
_v430(6544) 28 September 2005, 30(1)
520 _aDiscusses the implications of "Great Eastern Hotel Company Ltd v John Laing Construction Ltd and Laing Construction plc" ([2005], EWHC 181, L129378). GE engaged JL as construction manager for the redevelopment of a hotel. The project substantially overran both as to time and cost and GE commenced proceedings against JL for losses incurred. It was held that JL were in fundamental breach of the obligations in the management contract to manage, administer and coordinate the work of the trade contractors, and GE were entitled to damages similar to those awarded against a traditional main contractor under a lump sum contract. The author argues that as a result of this decision, parties to construction management contracts may well view the process with more caution, and tighten up procedures and performance requirements.
650 2 4 _aGREAT EASTERN HOTEL COMPANY LTD V JOHN LAING CONSTRUCTION LTD
690 _aBUILT ENVIRONMENT-CONSTRUCTION MANAGEMENT-BUILDING CONTRACT ADMINISTRATION
942 _n0
999 _c76061
_d76061